| 000 | 00624nam a2200217 i 4500 | ||
|---|---|---|---|
| 001 | 95282 | ||
| 003 | ES-MaACL | ||
| 005 | 20251111131009.0 | ||
| 007 | t| | ||
| 008 | 050525s1931 sp ||||1| spa d | ||
| 100 | 1 |
_aLuxemburg, Rosa, _d1870-1919 _974894 |
|
| 245 | 1 | 3 |
_aLa huelga en masa, el partido socialista y los sindicatos / _cRosa Luxemburg. |
| 260 |
_aMadrid : _b[s.n.], _c1931 ( _fGráfica Socialista) |
||
| 300 |
_a72 p. ; _c19 cm. |
||
| 650 | 7 |
_aSocialismo _2embne _917147 |
|
| 650 | 4 |
_913489 _aHuelgas |
|
| 650 | 4 |
_917116 _aSindicatos |
|
| 852 |
_aES-MaACL _j1747-F-7 |
||
| 942 | _2udc | ||
| 999 |
_c95282 _d95282 |
||